স্ত্রী শিক্ষা বিধায়ক / (Record no. 1069608)

MARC details
000 -LEADER
fixed length control field 01203nam a2200301 a 4500
001 - CONTROL NUMBER
control field vtls001617123
003 - CONTROL NUMBER IDENTIFIER
control field NLI
005 - DATE AND TIME OF LATEST TRANSACTION
control field 20210628133958.0
008 - FIXED-LENGTH DATA ELEMENTS--GENERAL INFORMATION
fixed length control field 121214s1937 ii 000 0 ben
039 #9 - LEVEL OF BIBLIOGRAPHIC CONTROL AND CODING DETAIL [OBSOLETE]
-- 201212141917
-- VLOAD
040 ## - CATALOGING SOURCE
Original cataloging agency NLI
Language of cataloging beneng
Transcribing agency Datasoft_Bengali_AC
Description conventions AACR2
041 0# - LANGUAGE CODE
Language code of text/sound track or separate title ben
044 ## - COUNTRY OF PUBLISHING/PRODUCING ENTITY CODE
MARC country code ii
082 04 - DEWEY DECIMAL CLASSIFICATION NUMBER
Classification number 370
100 1# - MAIN ENTRY--PERSONAL NAME
Linkage 880-01
Personal name বন্দ্যোপাধ্যায়, রাজেন্দ্রনাথ
9 (RLIN) 690801
245 10 - TITLE STATEMENT
Linkage 880-02
Title স্ত্রী শিক্ষা বিধায়ক /
Statement of responsibility, etc. রাজেন্দ্রনাথ বন্দ্যোপাধ্যায়
260 ## - PUBLICATION, DISTRIBUTION, ETC.
Place of publication, distribution, etc. কলকাতা :
Name of publisher, distributor, etc. সজনীকান্ত দাস,
Date of publication, distribution, etc. 1937
300 ## - PHYSICAL DESCRIPTION
Extent 32 p. ;
Dimensions 18 cm.
650 #0 - SUBJECT ADDED ENTRY--TOPICAL TERM
Topical term or geographic name entry element Women
General subdivision Education
9 (RLIN) 690543
880 1# - ALTERNATE GRAPHIC REPRESENTATION
Linkage 100-01(B
a Bandyopādhyāy, Rājendranāth
880 10 - ALTERNATE GRAPHIC REPRESENTATION
Linkage 245-02(B
a Strī śikṣā bidhāyak /
c Rājendranāth Bandyopādhyāy
887 ## - NON-MARC INFORMATION FIELD
Content of non-MARC field Mousumi Sarkar 20.08.2010 (Sumit Kumar Das)
901 ## - LOCAL DATA ELEMENT A, LDA (RLIN)
a 3222
b 05.06.1980
902 ## - LOCAL DATA ELEMENT B, LDB (RLIN)
a AC/B 370 B
904 ## - LOCAL DATA ELEMENT D, LDD (RLIN)
c Mousumi Sarkar 20.08.2010 (Sumit Kumar Das)
l B 1939
949 ## - LOCAL PROCESSING INFORMATION (OCLC)
-- VIRTUAITEM
-- 10000
-- 100
6 GAC000003222BEN
942 ## - ADDED ENTRY ELEMENTS (KOHA)
Source of classification or shelving scheme Dewey Decimal Classification
Koha item type Books
Holdings
Withdrawn status Lost status Damaged status Not for loan Collection code Home library Current library Shelving location Date acquired Total Checkouts Full call number Barcode Date last seen Price effective from Koha item type
          National Library of India National Library of India       AC/B 370 B GAC000003222BEN 28/06/2021 28/06/2021 Books
                                                                           
web counter

Copyright ©2020 The National Library of India, Govt. of India ↔ Hosted by NVLI, MOC ↔ Technology and Design by National Library of India, Ministry of Culture, Govt. of India